00612cam a22002054a 450000100090000000300040000900500170001300800410003002000180007104000090008908200190009810000210011724500560013825000120019426000630020630000430026950400530031265000220036570000190038713575689OSt20200118103830.0040428s2005 njuab b 001 0 eng  a9788131719510 coclc00a658.848bKEE/G aKeegan, Warren J10aGlobal marketing /cWarren J Keegan ; Mark C Green  a4th ed. aUpper Saddle River, N.J. :bPearson/Prentice Hall,cc2005. a 636 pbcol. ill., col. maps ;c28 cm. aIncludes bibliographical references and indexes. 0aExport marketing.1 aGreen, Mark C.